Využitie metódy FMEA pri manažmente rizík v podniku

Pojem riziko a manažment rizika. Metóda FMEA. FMEA vo vybranom podniku.

Saved in:
Bibliographic Details
Main Author: Horváthová, Miroslava
Format: Book Chapter
Language:Slovak
Subjects:
Tags: Add Tag
No Tags, Be the first to tag this record!

MARC

LEADER 00000naa a2200000 4500
001 0252299
005 20240502074038.3
041 0 |a slo 
044 |a SK 
245 1 0 |a Využitie metódy FMEA pri manažmente rizík v podniku  |c Miroslava Horváthová 
520 |a Pojem riziko a manažment rizika. Metóda FMEA. FMEA vo vybranom podniku. 
610 2 0 |a riadenie rizík 
610 2 0 |a risk management 
610 2 0 |a riadenie kvality 
610 2 0 |a podnik 
100 1 |a Horváthová, Miroslava